地理の統計TOP2〜5 レアメタル+α編 - Statistics

General Stats
  • This quiz has been taken 11 times
  • The average score is 7 of 59
Answer Stats
Hint 世界計 順位 Answer % Correct
プラチナ族生産量 443t 1 南アフリカ
57%
4 ニューカレドニア
43%
コバルト鉱生産量 14万t 1 コンゴ民主共和国
43%
3 ガボン
43%
レアアース生産量 22万t 1 中国
43%
3 ミャンマー
43%
5 ウズベキスタン
43%
ニッケル鉱生産量 261万t 1 インドネシア
29%
チタン鉱生産量 1309万t 1 中国
29%
4 モザンビーク
29%
2 ロシア
29%
プラチナ族埋蔵量 7.0万t 1 南アフリカ
29%
ダイヤモンド生産量 13800万カラット 1 ロシア
29%
2 ボツワナ
29%
ウラン鉱生産量 48888tウラン 1 カザフスタン
29%
2 オーストラリア
14%
2 ロシア
14%
コバルト鉱埋蔵量 830万t 1 コンゴ民主共和国
14%
3 ジンバブエ
14%
2 ロシア
14%
2 トルコ
14%
2 アメリカ
14%
レアアース埋蔵量 1.3億t 1 中国
14%
2 カナダ
14%
3 ナミビア
14%
2 フィリピン
0%
3 ロシア
0%
5 カナダ
0%
3 南アフリカ
0%
5 ウクライナ
0%
3 オーストラリア
0%
4 フィリピン
0%
5 キューバ
0%
2 オーストラリア
0%
3 インドネシア
0%
4 キューバ
0%
4 カナダ
0%
5 アメリカ
0%
マンガン鉱生産量 1890万t 1 南アフリカ
0%
2 オーストラリア
0%
4 中国
0%
5 ガーナ
0%
マンガン鉱埋蔵量 17億t 1 南アフリカ
0%
2 中国
0%
3 オーストラリア
0%
4 ブラジル
0%
5 ウクライナ
0%
クロム鉱生産量 3700万t 1 南アフリカ
0%
3 カザフスタン
0%
4 インド
0%
5 フィンランド
0%
4 オーストラリア
0%
2 ベトナム
0%
3 ブラジル
0%
4 ロシア
0%
3 カナダ
0%
4 コンゴ民主共和国
0%
5 オーストラリア
0%
4 オーストラリア
0%
No matching quizzes found
Score Distribution
Percent of People with Each Score
Percentile by Number Answered
Your Score History
You have not taken this quiz